Colonialismo en ruinas : Lima frente al terremoto y tsunami de 1746 /
Gespeichert in:
| 1. Verfasser: | |
|---|---|
| Format: | Buch |
| Sprache: | Spanisch |
| Veröffentlicht: |
Lima, Perú :
Instituto de Estudios Peruanos : Instituto Francés de Estudios Andinos,
2018, c2018
|
| Ausgabe: | 2a edición |
| Schlagworte: | |
| Tags: |
Keine Tags, Fügen Sie das erste Tag hinzu!
|
MARC
| LEADER | 00000nam^a2200000^a^4500 | ||
|---|---|---|---|
| 001 | 000437223 | ||
| 005 | 20250521000000.0 | ||
| 009 | 20260310123214.595 | ||
| 020 | |a 978-9972-51-717-4 | ||
| 037 | |a Acervo ITESO - Biblioteca | ||
| 041 | |a ESP | ||
| 082 | |a 985. 2503 |b WAL | ||
| 100 | |a Walker, Charles F. |e (autor) | ||
| 240 | 1 | 1 | |a [Colonialismo en ruinas: Lima frente al terremoto y tsunami de 1746] |
| 245 | 1 | 0 | |a Colonialismo en ruinas : |b Lima frente al terremoto y tsunami de 1746 / |c C.F. Walker ; tr. por Javier Flores Espinoza. |
| 250 | |a 2a edición | ||
| 264 | 4 | |a Lima, Perú : |b Instituto de Estudios Peruanos : |b Instituto Francés de Estudios Andinos, |c 2018, c2018 | |
| 300 | |a 330 p. | ||
| 336 | |a texto |b txt |2 rdacontenido | ||
| 337 | |a sin mediación |b n |2 rdamedio | ||
| 338 | |a volumen |b nc |2 rdasoporte | ||
| 500 | |a Traducción de: Shaky Colonialism: The 1746 Earthquake-Tsunami in Lima, Peru and its Long Aftermath | ||
| 521 | |a FIL 2021 DIA | ||
| 649 | |a XX | ||
| 650 | |a Terremotos - |z Lima, Perú - |x Historia - |y Siglo XVIII - |x Tema Principal | ||
| 650 | |a Terremotos - |z Perú - |x Historia - |y Siglo XVIII | ||
| 650 | |a Tsunami - |z El Callao, Perú - |x Historia - |y Siglo XVIII - |x Tema Principal | ||
| 650 | |a Tsunami - |z Perú - |x Historia - |y Siglo XVIII | ||
| 650 | |a Restauración y Conservación Urbana - |z Lima, Perú - |x Historia - |y Siglo XVIII | ||
| 650 | |a Restauración y Conservación Urbana - |z Perú - |x Historia - |y Siglo XVIII | ||
| 650 | |a Desastres Naturales - |z Perú - |x Historia - |y Siglo XVIII | ||
| 650 | |a Absolutismo - |z Perú - |x Historia - |y Siglo XVIII | ||
| 650 | |a Colonialismo - |z Perú - |x Historia - |y Siglo XVIII | ||
| 650 | |a Movimientos Indígenas - |z Perú - |x Historia - |y Siglo XVIII | ||
| 650 | |a Movimientos Políticos - |z Perú - |x Historia - |y Siglo XVIII | ||
| 650 | |a Política - |z Perú - |x Historia - |y Siglo XVIII | ||
| 650 | |a Perú - |x Historia - |y Siglo XVIII - |x Tema Principal | ||
| 910 | |a Fondo General | ||
| 920 | |a Impresos - Libros | ||
| 930 | |a Colección General | ||
| 905 | |a 101 | ||
| 901 | |a 0500350406 |b IT1 |c ACC |i C176733 |u 20250521 | ||
| 902 | |a https://opac.biblio.iteso.mx/vufind/Record/000437223 | ||